| 000 | 01143njm a22002657a 4500 | ||
|---|---|---|---|
| 005 | 20100908123550.0 | ||
| 007 | sd ammalaaahaa | ||
| 008 | 100830t xxu||||| |||| 00| 0 hin d | ||
| 028 |
_aN. 54619 _bHis Master's Voice |
||
| 035 | _aGR-01285 | ||
| 040 | _aSED/VEN | ||
| 100 |
_917458 _aMohd. Rafi |
||
| 245 |
_aPreet na jane reet bhag 1 / _h[Sound recording] : _cby Mohd. Rafi ; music Kalyanji Anandji ; lyric Qamar Jalalabadi |
||
| 246 | _aप्रीत न जाने रीत (मोहद. रफ़ी) | ||
| 260 |
_aDum Dum, India _bHis Master's Voice |
||
| 300 |
_a1 Sound disc [Gramophone Record] : _banalog, 33 1/3 rpm _c10 in (LP) _fGramophone Records |
||
| 500 | _aBrief record | ||
| 505 | _aMain bewafa nahin hu, O janewale sun jaraa (मैं बेवफा नहीं हु) (ओ जानेवाले सुन ज़रा) पार्ट. 2 | ||
| 650 |
_aClassical Music _91186 _zIndia _xExcerpts |
||
| 700 |
_917459 _aKalyanji Anandji |
||
| 700 |
_aQamar Jalalabadi _918822 |
||
| 700 | _918873 | ||
| 942 |
_2ddc _cGR |
||
| 999 |
_c44466 _d44466 |
||